000 00271nam a22001217a 4500
008 170602b xxu||||| |||| 00| 0 eng d
041 _aeng
080 _a94(7/8)
100 _a17
101 _aSHH
245 _aEDUCATION IN AMERICA-HISTORY
_cKATZ,M.B
942 _2udc
_cBK
999 _c15731
_d15731